| 000 | 01044nam a2200217Ii 4500 | ||
|---|---|---|---|
| 003 | JO-AjNU | ||
| 008 | 230605s9999||||xx |||||||||||||| ||und|| | ||
| 017 | _a2007/8/2446 | ||
| 040 |
_aJO-AjNU _bara _erda _cJO-AjNU |
||
| 041 | _aara | ||
| 050 | 1 | 4 | _aKMJ480.I87.2007 |
| 100 | 3 |
_a العيسى ، طلال ياسين , _eauthor _945929 |
|
| 245 | 0 | 0 | _aالاصول العامة في الجنسية " دراسة قانونية مقارنة في القانون العراقي والاردني والقانون المقارن " |
| 250 | _a(د،ط) | ||
| 264 | 3 | 1 | _aعمان : دار البيروني ، 2007 |
| 300 |
_a301ص _bيشتمل على الملاحق القانونية ص ( 267 - 283 ) ويشتمل على المصادر الببلوغرافية ص (287 - 295 ) |
||
| 336 |
_atext _btxt _2rdacontent |
||
| 337 |
_aunmediated _bn _2rdamedia |
||
| 338 |
_avolume _bnc _2rdacarrier |
||
| 650 | 4 |
_aالجنسية -- قوانين و تشريعات -- العراق -- الجنسية -- قوانين و تشريعات -- الأردن _945930 |
|
| 999 |
_aA19944 _c23512 _d23512 |
||